000 01728cad a22004095a 4500
001 E159627
008 171129s1996 xxk f 000 0 eng d
020 _a9780203475522
035 _a(Sirsi) u159627
041 _aeng
050 _a333.332094
_c18
245 _aEuropean valuation practice
_btheory and techniques
_h[electronic resource]
260 _aLondon
_bE & FN SPON
_c1996
300 _aEBOOK
520 _aLooks at property valuation practice in the major countries of Western Europe. The variability of valuation practice within Europe is perceived as a problem within the globalization of property. This edited textbook examines the practice of real estate valuation in selected countries in Europe. The focus is on countries with well developed real estate markets in which both international and indigenous investors are active. The book is aimed at real estate professionals, financiers, institutional advisers, property researchers and students who require a greater understanding of comparative property appraisal techniques applied across Europe.
650 _aBELGIUM
650 _aEUROPE
650 _aEUROPEAN VALUATION PRACTICE
650 _aFINLAND
650 _aFRANCE
650 _aGERMANY
650 _aITALY
650 _aNETHERLANDS
650 _aNORWAY
650 _aPORTUGAL
650 _aSPAIN
650 _aSWEDEN
650 _aSWITZERLAND
651 4 _aEurope
690 _aRATING AND VALUATION
700 _aAdair, Alastair
_xEditor
700 _aDownie, Mary-Lou
_xEditor
700 _aMcGreal, Stanley
_xEditor
700 _aVos, G.
856 _uhttps://www.vlebooks.com/
_zView on VLEbooks. Logins for members only from [email protected]
942 _n0
999 _c116061
_d116061